100 joueurs de rugby par photo. - Statistiques

Statistiques générales
  • Ce quiz a été pris 3 491 fois
  • Le résultat moyen est 35 sur 100
Statistiques - réponses
Par images Réponse % Correct
Antoine Dupont
99%
Damian Penaud
96%
Chelsin Kolbe
90%
Sébastien Chabal
79%
Ange Capuozzo
78%
Eben Etzebeth
73%
Josua Tuisova
72%
Maro Itoje
72%
Gaël Fickou
71%
Owen Farrell
69%
Romain Ntamack
68%
Dan Carter
67%
Jonah Lomu
67%
Bauden Barrett
65%
Jonathan Sexton
64%
Fabien Galthié
63%
Thierry Dusautoir
63%
Faf de Klerk
62%
Finn Russell
62%
Frédéric Michalak
60%
Vincent Clerc
60%
Virimi Vakatawa
60%
Jonny Wilkinson
59%
Siya Kolisi
58%
Dan Biggar
57%
Ardie Savea
56%
Marcus Smith
56%
Bryan Habana
55%
Christophe Dominici
55%
Stuart Hogg
54%
Ma'a Nonu
51%
Sergio Parisse
50%
Peter-Steph Du Toit
48%
Semi Radradra
46%
Richie McCaw
44%
Leigh Halfpenny
42%
Quade Cooper
42%
Serge Blanco
42%
Ronan O'Gara
41%
Josh van der Flier
39%
Julian Savea
38%
Brodie Retallick
37%
Duhan Van der Merwe
37%
George North
36%
Matt Giteau
36%
Alun Wyn Jones
34%
Juan Imhoff
33%
Brian O'Driscoll
32%
Kotaro Matsushima
30%
Conor Murray
29%
Nicolas Sanchez
28%
Michael Hooper
27%
Garry Ringrose
26%
Paul O'Connell
26%
Ben Youngs
25%
Billy Vunipola
25%
Greg Laidlaw
24%
Hamish Watson
24%
Leone Nakarawa
24%
Lukhanyo Am
24%
Waisea Nayacalevu
24%
Cian Healy
21%
Jonathan Davies
19%
Philippe Sella
19%
Kieran Read
18%
Sam Warburton
18%
Jason Robinson
17%
Martin Castrogiovanni
17%
François Steyn
16%
Mauro Bergamasco
15%
Rory Best
15%
Bernard Foley
14%
David Pocock
14%
Juan-Martin Hernandez
14%
Emiliano Boffelli
12%
Rob Valetini
12%
Diego Dominguez
11%
Gareth Edwards
11%
Schalk Burger
11%
Adam Jones
10%
David Campese
10%
Shane Williams
10%
François Pienaar
9%
George Gregan
9%
Keith Wood
9%
Augustin Pichot
7%
Dylan Hartley
6%
Percy Montgomery
6%
Tony Woodcock
6%
Doug Howlett
5%
Gavin Hastings
4%
Gethin Jenkins
4%
Stephen Larkham
4%
John Eales
3%
Rory Underwood
3%
Samu Kerevi
3%
Alessandro Zanni
2%
Andrew Mehrtens
2%
Hugo Porta
1%
Naas Botha
1%
Aucun quiz correspondant
Distribution des résultats
% des personnes avec chaque résultat
Percentile par nombre de réponses
Votre historique - résultats
Vous n’avez pas pris ce quiz